Quizzes
Events
Quiz Creation
Community
Videos
Private Events
Remove Ads
Sign In
Join for FREE
Feedback
Dark Mode
Quiz Categories
Sports
Geography
Music
Movies
Television
Just For Fun
Miscellaneous
History
Literature
Language
Science
Gaming
Entertainment
Religion
Holiday
For Kids
Quiz Lab
Recent
Popular Today
Quiz Kudos Today
Editor Picks
Curator Picks
Quizzes by...
Day
Popularity
Type
Ratings
Length
Year
Community
Subscriptions
Recent Discussions
Orange Saloon
Badges
Playlists
Quests
Create
Leaderboards
Showdown
Live 5
Trivia Bingo
Activity
Puzzle Library
Sporcle Events
Private Events
Virtual Trivia
Globe League
Become a Host
Pub Owners
SporcleCon
Opinionation
Our Games
Videos
Blog
Mobile Apps
Partnerships
Remove Ads and Go Orange
Feedback
History
US Presidents
World Leaders
Politics
Nation
Discovery
War
Decade
Year
Century
Biography
Art
History
US Presidents
World Leaders
Politics
Nation
Discovery
War
Decade
Year
Century
Biography
Art
Random Quiz
Search Sporcle
×
Quiz Lab
Quiz Lab
History
Boston
Type in answers that appear in a list
Type in answers that appear in a list
Classic
Best Score? Go Orange.
Revolutionary Boston Stats
Can you name the events in and around Revolutionary Boston?
By
Ensign13
10m
30 Questions
72 Plays
72 Plays
72 Plays
Comments
Comments
Give Quiz Kudos
Give Quiz Kudos
-
- Ratings
hide this ad
Random Order
Randomize order of answers
Randomize order of answers
Replay
Link that replays current quiz
Next Quiz
Link to next quiz in quiz playlist
You Got
0%
They Got
Avg Score
25%
Avg Friend Score
Upgrade to see
Score Distribution
Jump to the score distribution portion of the page
Score
0/30
Timer
10:00
0
Plays Today
Date/Clue
% Correct
Massacre Soldiers' defense attorney
John Adams
77.8%
Revolutionary Cousins
John|Sam Adams
75%
Local dentist
Paul Revere
58.3%
December 16, 1773
Boston Tea Party
52.8%
July 18, 1776, this is read from the Town House balcony
Declaration of Independence
50%
Earthworks were dug on Bunker Hill, but moved to the higher_
_
_
Breed's Hill
43.1%
June 17, 1775
Battle of Bunker Hill
38.9%
Owner of at least one 'tea party' ship
John Hancock
30.6%
Cannons captrued from _
_
_
_
gave Washington the upper hand
Fort Ticonderoga
29.2%
General who served a a private, killed at Bunker Hill
Joseph Warren
26.4%
July 18, 1776 King Street is renamed_
_
_
_
State Street
25%
Cannons brought by
Henry Knox
23.6%
March 17, 1776
Evacuation Day
23.6%
Main British camp located
Boston Common
20.8%
Positions Fortified by cannon
Dorchester Heights
20.8%
Date/Clue
% Correct
Thomas Gage is out and _
_
_
_
is in
William Howe
19.4%
Boston Massacre took place where?
King Street
16.7%
Who coins the phrase 'no taxation without representation' ?
James Otis
13.9%
What creature lives at Faneuil Hall?
Grasshopper
13.9%
Number of shots fired on April 19, 1775
over 10,000
13.9%
Holiday that saw brawling/
parading
Pope's Day
12.5%
Paul Revere _
_
_
_
rode out of Boston on April 18, 1775
William Dawes
12.5%
How many troops marched onto Lexington?
700
12.5%
How many militia men came out to the fight by day's end?
4000
11.1%
British Sentry, Boston Massacre
Pvt. Hugh White
9.7%
First 'martyr' of the revolution
Christopher Snyder
8.3%
Robert Treat Paine raises 'Liberty and Union' Flag (1774)
Taunton
6.9%
Man who hung the signal lanterns in Christ's Church (Old North)
Robert Newman
5.6%
Bostonians to congress
John Hancock|John Adams|Sam Adams|Robert Treat Paine|Elbridge Gerry
4.2%
Islands where fighting took place during seige
Hogg|Noddles
2.8%
Quiz Playlist
Details
Report
Send in Message
Add To Playlist
Classic:
Type in answers that appear in a list
Random Order:
Randomize order of answers
Last Updated: Feb 16, 2017
Quiz Scoreboard
CHALLENGE
Sign Up to Join the Scoreboard
Show All
Scores
Hide
Comments
May contain spoilers
Recently Published
TV Characters by Other Roles V
by ghcgh
Television
5m
Decade Duel: World Leaders
by jenniferyan
History
4m
Alphabetical 'K' Countries by Flag Minefield
by ylime102
Geography
3m
More to Explore
Quiz From the Vault
Featured Blog Post
15 Basketball Trivia Facts You Can Be March Mad About
hide this ad
You Might Also Like...
Tags
Boston
Revolutionary
US History
Washington
Today's Top Quizzes in History
Browse History
hide this ad
Today's Top Quizzes in Boston
Browse Boston
Top Contributed Quizzes in History
1
Decade Duel: US Presidents of the 1900s
2
I Am Born On March 19th
3
Decade Duel: US Presidents of the 1800s
4
Famous Spring Paintings
5
Arab Spring Nations
6
Art in Bloom
7
Religion og styreformer i Europa (klikking)
8
'NCAA' US History
9
Lead up to World War One
10
Constitutional Quiz
Explore More
Trending Topics
Marvel
NBA
Kpop
Harry Potter
Crossword
Anime
Disney
Puzzle
Pokémon
The Office
WWE
Soccer
Song
Country
NFL
hide this ad
More By:
Ensign13
Quiz
Plays
Rating
Category
Featured
Created
Revolutionary Boston
72
3.67
History
Dec 31, 2010
Go to Creator's Profile
Score Distribution
Quiz Creator Spotlight
Ensign13
Follow
Send a Message
Quizzes Created
-
Created Quiz Play Count
-
More By This Creator
Popular Quizzes Today
1
Countries of Asia Without Outlines Minefield
2
Find the US States - No Outlines Minefield
3
Pick 6: Fruits
4
The Countries of the World
5
Find the Countries of Europe - No Outlines Minefield
6
Alphabetical 'K' Countries by Flag Minefield
7
US States
8
Find the US States
More History Quizzes
Four Letter History A-Z
Published
Trending Quizzes
Pick 6: Mountains
Pick 6: Harry Potter
Pick 6: NFL Teams
Pick 6: Flags
C Names for Actors
Recently Updated
Adaptations: Name the Title
pecheneg
NWSL Teams
pecheneg
Women's Final Four Teams by Year
bhenderson79
Presidents Quartet II
eogle
Anything But Clue(do)
eogle
Anything But Oceanian Capitals
eogle
Anything But 7
eogle
Anything But Thing
eogle
Word Ladder: February 29
pecheneg
Song Title Questions
pecheneg
Trending Topics
Kpop
Crossword
Anime
NBA
Disney
Harry Potter
Marvel
Song
NFL
Pokémon
Puzzle
Country
The Office
Soccer
WWE
Your Account Isn't Verified!
In order to create a playlist on Sporcle, you need to verify the email address you used during registration. Go to your
Sporcle Settings
to finish the process.
Report this User
Report this user for behavior that violates our
Community Guidelines
.
Details:
Send Report
Go to the Sporcle.com Mobile Site →
Comments